Matematický model zvislého kmitania špeciálneho lesného kolesového ťahača s nákladom kmeňov. /

Salvato in:
Dettagli Bibliografici
Autore principale: Starek, Ladislav, 1950- (Autore)
Natura: Manoscritto Libro
Pubblicazione: Bratislava : SVŠT v Bratislave SjF, 1979
Tags: Aggiungi Tag
Nessun Tag, puoi essere il primo ad aggiungerne!!

MARC

LEADER 00000ntm a22000003a 4500
001 stu47673
005 20150617225710.7
008 ------s1979----cs----------------------d
040 |a STU  |b slo 
041 0
044 |a cs 
080 |a 534.1 
080 |a 629.114.2.02-42 
100 1 |a Starek, Ladislav,  |d 1950-  |4 aut  |u J250  |U SjF Ústav aplikovanej mechaniky a mechatroniky  |T SjF Katedra technickej mechaniky  |X 2445  |U J250  |Y 48  |7 A000002445 
245 1 |a Matematický model zvislého kmitania špeciálneho lesného kolesového ťahača s nákladom kmeňov. /  |c [aut.] Starek,Ladislav 
260 |a Bratislava :  |b SVŠT v Bratislave SjF,  |c 1979 
300 |a 88 s 
996 |b J60907  |c J*60907/HAB.  |l JJSK  |s A  |a 24  |w stu47673_0001